Statistiques concernant les records du foot

Cliquez ici pour prendre le quiz!

Statistiques générales

  • Ce quiz a été pris 496 fois
  • Le résultat moyen est 14 sur 15

Statistiques - réponses

recordsrecordspaysRéponse% Correct
Plus de but en carriere816PortugalCristiano ronaldo
100%
Plus de but en ligue des champions141PortugalCristiano ronaldo
100%
Plus de but sur un an91ArgentineLionel messi
100%
Plus de ballons d'or7ArgentineLionel messi
100%
Pus de but en liga474ArgentineLionel messi
99%
Plus de but en une saison en ligue des champions17PortugalCristiano ronaldo
95%
Plus de coupe du monde remportés par un joueurs3Bresilpelé
95%
Plus de passe décisive en ligue des champions42PortugalCristiano ronaldo
94%
Plus de but avec le real madrid450PortugalCristiano ronaldo
94%
Plus de but marquée en finale de coupe du monde4FranceKylian mbappé
93%
Plus de but en une saison de liga50ArgentineLionel messi
92%
Plus de but en bundesliga365AllemagneGerd muller
90%
Plus de but en une saison de bundesliga41PologneRobert lewandowski
87%
Plus de but marqués en une edition de coupe du monde13FranceJust fontaine
84%
Plus de but en coupe du monde16AllemagneMiroslav klose
83%

Distribution des résultats

Percentile par nombre de réponses

% des personnes avec chaque résultat

Votre développement - résultats

Vous n’avez pas pris ce quiz